[Event "Challenge"]
[Site "http://www.queenalice.com/game.php?id=738304"]
[Date "2010.2.27"]
[Round "-"]
[White "RECHONCHUDA_NOTAVEL"]
[Black "Scotta"]
[Result "0-1"]
[WhiteElo "1288"]
[BlackElo "1290"]

1. e4 e5 2. Nf3 Nf6 3. Bc4 c5 4. Ng5 g6 5. Nxf7 Qe7 6. Nxh8 d5 7. exd5 Qg7 8.
Bb5+ Nfd7 9. Nxg6 Qxg6 10. O-O Ke7 11. f4 a6 12. Bd3 Qd6 13. Qf3 Nf6 14. Re1
Nxd5 15. fxe5 Qh6 16. Qxd5 Nc6 17. Rf1 Bg7 0-1

[Event "Challenge"]
[Site "http://www.queenalice.com/game.php?id=738320"]
[Date "2010.2.27"]
[Round "-"]
[White "RECHONCHUDA_NOTAVEL"]
[Black "emanuelmad"]
[Result "1-0"]
[WhiteElo "1329"]
[BlackElo "1415"]

1. e4 e6 2. Nf3 d6 3. Bc4 Nh6 4. d4 a5 5. d5 e5 6. Bxh6 gxh6 7. O-O Bg7 8. Nfd2
Nd7 9. Bb5 b6 10. f4 Ba6 11. Bxa6 Rxa6 12. fxe5 Nxe5 13. Nf3 O-O 14. Qe2 Ra8 15.
Qf2 Ng4 16. Qg3 Ne3 17. Rf2 Kh8 18. c3 Rg8 19. Nbd2 Qd7 20. h3 b5 21. Nd4 Nc4
22. b3 Nxd2 23. Rxd2 Rae8 24. Qf4 Be5 25. Qxh6 Rg6 26. Qh5 Qe7 27. Nc6 Qf6 28.
Rf1 Qg7 29. Nxa5 Bxc3 30. Rdf2 Rf8 31. Nc6 Bf6 32. Qe2 b4 33. Nxb4 Bd4 34. Kh1
Bxf2 35. Rxf2 Rb8 36. Nc6 Ra8 37. a4 Ra6 38. Qxa6 Qa1+ 39. Rf1 Qb2 40. g4 Qxb3
41. Qc8+ Kg7 42. Kg2 Qc2+ 43. Rf2 Qxe4+ 44. Kf1 Qh1+ 45. Ke2 Qxh3 46. Rf4 Qg3
47. Rf3 Qh4 48. Qf5 Rf6 49. Qe4 Qh2+ 50. Kd3 Qa2 51. a5 Qa3+ 52. Ke2 Qb2+ 53.
Kd3 1-0

[Event "AUTO-BEG-383"]
[Site "http://www.queenalice.com/game.php?id=740701"]
[Date "2010.3.3"]
[Round "1"]
[White "RECHONCHUDA_NOTAVEL"]
[Black "priit57"]
[Result "0-1"]
[WhiteElo "1366"]
[BlackElo "1808"]

1. e4 c5 2. Nf3 d6 3. Bc4 Nf6 4. Ng5 e6 5. d3 Nc6 6. Bb5 Be7 7. Qf3 h6 8. e5
hxg5 9. Bxc6+ bxc6 10. Qxc6+ Bd7 11. Qa6 dxe5 12. O-O e4 13. Bxg5 Qb8 14. f3
Qxh2+ 15. Kf2 exf3 16. Qb7 Qxg2+ 17. Ke1 Qe2# 0-1

[Event "AUTO-BEG-383"]
[Site "http://www.queenalice.com/game.php?id=740702"]
[Date "2010.3.3"]
[Round "1"]
[White "priit57"]
[Black "RECHONCHUDA_NOTAVEL"]
[Result "1-0"]
[WhiteElo "1863"]
[BlackElo "1366"]

1. e4 e5 2. Nf3 Nc6 3. Bb5 a6 4. Ba4 Bc5 5. c3 d6 6. d4 exd4 7. cxd4 Ba7 8. d5
b5 9. dxc6 bxa4 10. Qxa4 Nf6 11. O-O O-O 12. Nc3 d5 13. Bg5 d4 14. Rad1 Qe7 15.
Nxd4 h6 16. Bxf6 Qxf6 17. Nd5 Qg5 18. Nf3 Qd8 19. e5 Bg4 20. Nf6+ gxf6 21. Qxg4+
Kh8 22. Rxd8 Rfxd8 23. Qh5 Kh7 24. Qxf7+ Kh8 25. exf6 Rg8 26. Ne5 Raf8 27. Ng6+
Rxg6 28. Qxf8+ Rg8 29. Qxh6# 1-0

[Event "AUTO-BEG-383"]
[Site "http://www.queenalice.com/game.php?id=740703"]
[Date "2010.3.3"]
[Round "1"]
[White "RECHONCHUDA_NOTAVEL"]
[Black "RobertoAllan"]
[Result "0-1"]
[WhiteElo "1363"]
[BlackElo "1203"]

1. e4 e5 2. Nf3 Nc6 3. Bb5 Bb4 4. c3 Ba5 5. O-O Nf6 6. Qb3 O-O 7. d4 Nxe4 8. Qd5
Nf6 9. Qb3 d6 10. Bg5 Bd7 11. dxe5 dxe5 12. Nbd2 Be6 13. Qc2 a6 14. Ba4 Qd6 0-1

[Event "AUTO-BEG-383"]
[Site "http://www.queenalice.com/game.php?id=740704"]
[Date "2010.3.3"]
[Round "1"]
[White "RobertoAllan"]
[Black "RECHONCHUDA_NOTAVEL"]
[Result "1-0"]
[WhiteElo "1225"]
[BlackElo "1337"]

1. e4 e5 2. Nf3 Nc6 3. Bb5 Bc5 4. d3 Nf6 5. Bg5 O-O 6. Nc3 Ng4 7. Bxd8 Nxf2 8.
Ke2 Nxd1 9. Raxd1 Nxd8 10. Nxe5 c6 11. Bc4 b5 12. Bb3 d6 13. Nf3 Kh8 14. Ng5 1-0

[Event "Challenge"]
[Site "http://www.queenalice.com/game.php?id=741653"]
[Date "2010.3.5"]
[Round "-"]
[White "RECHONCHUDA_NOTAVEL"]
[Black "cevil"]
[Result "0-1"]
[WhiteElo "1300"]
[BlackElo "1734"]

1. e4 e5 2. Nf3 Nc6 3. Bc4 h6 4. d3 Bc5 5. O-O d6 6. c3 a6 7. Nfd2 Nf6 8. b4 Ba7
9. a4 Be6 10. b5 Bxc4 11. Nxc4 axb5 12. axb5 Bxf2+ 13. Rxf2 Rxa1 14. Nca3 Rxb1
15. Nxb1 Ne7 16. c4 O-O 17. Qf3 Qa8 18. Qg3 Ng6 19. Ba3 Qa4 20. h4 Qb3 21. Re2
Qxb1+ 22. Re1 Qb3 23. Bc1 Qc3 24. b6 Nxe4 25. Qe3 Nc5 26. bxc7 Qxd3 27. Qf2 Ne6
28. Ba3 Qxa3 29. Qb6 Qc5+ 30. Qxc5 dxc5 31. g3 Nxc7 0-1

[Event "Challenge"]
[Site "http://www.queenalice.com/game.php?id=741654"]
[Date "2010.3.5"]
[Round "-"]
[White "cevil"]
[Black "RECHONCHUDA_NOTAVEL"]
[Result "1-0"]
[WhiteElo "1736"]
[BlackElo "1300"]

1. e4 e5 2. Nf3 Nc6 3. Bb5 Bc5 4. c3 d6 5. d4 exd4 6. cxd4 Bb4+ 7. Nc3 Bxc3+ 8.
bxc3 Nf6 9. Bg5 Bg4 10. h3 Bd7 11. Bxc6 Bxc6 12. e5 Qe7 13. Qe2 h6 14. exf6 Qe6
15. Qxe6+ fxe6 16. fxg7 Rg8 17. Bxh6 Kf7 18. Nh4 e5 19. O-O-O Ke6 20. Rhe1 b5
21. f4 e4 22. g4 Kd7 23. f5 a5 24. d5 Bb7 25. Rxe4 b4 26. f6 1-0

[Event "Challenge"]
[Site "http://www.queenalice.com/game.php?id=755633"]
[Date "2010.4.3"]
[Round "-"]
[White "Samuelfs57"]
[Black "RECHONCHUDA_NOTAVEL"]
[Result "0-1"]
[WhiteElo "1917"]
[BlackElo "1377"]

1. e4 e5 2. Nf3 Nc6 3. Bb5 Bc5 4. Bxc6 dxc6 5. Nxe5 Qd4 6. O-O Qxe5 7. c3 Nf6 8.
d4 Qxe4 9. Re1 Bd6 10. Rxe4+ Nxe4 11. Qf3 f5 12. Nd2 O-O 13. Nxe4 fxe4 14. Qxe4
Bf5 15. Qh4 Rae8 16. Bd2 Re2 17. Rd1 Be7 18. Qh5 Re4 19. g3 Bg4 20. Qa5 Bxd1 21.
d5 b6 22. Qxa7 Bc5 23. Be3 Bf3 24. Qxc7 h6 25. dxc6 Re7 26. Qb7 Rxb7 27. cxb7
Bxb7 28. Bf4 g5 29. Be3 Rd8 30. Bd4 b5 31. f3 Bxd4+ 32. cxd4 Bxf3 33. Kf2 Rf8
34. Ke3 Bd5 35. a3 Rf1 36. h4 gxh4 37. gxh4 Rh1 38. Kd3 Rxh4 39. Kc3 Re4 40. Kb4
Bc4 41. Kc5 h5 42. d5 h4 43. d6 Be6 44. b3 h3 45. Kxb5 Bxb3 46. d7 Rd4 47. Kc6
Ba4+ 48. Kc5 Rxd7 49. Kb4 Bd1 50. a4 Bxa4 51. Kxa4 h2 52. Kb5 h1=R 53. Kc6 Rd2
54. Kb5 Rc1 55. Kb4 Rb2+ 56. Ka3 Rb7 57. Ka2 Rc8 0-1

[Event "Challenge"]
[Site "http://www.queenalice.com/game.php?id=763524"]
[Date "2010.4.19"]
[Round "-"]
[White "Filipon_El_Bigodon"]
[Black "RECHONCHUDA_NOTAVEL"]
[Result "1-0"]
[WhiteElo "1500"]
[BlackElo "1377"]

1. e4 e5 2. Nf3 Nc6 3. Bc4 Bc5 4. d3 d6 5. Ng5 d5 6. Bxd5 Nf6 7. Nxf7 Qd7 8.
Nxh8 Nxd5 9. exd5 Qxd5 10. O-O Nb4 11. c4 Qxd3 12. Qh5+ Kf8 13. Qf7# 1-0